000 00491 a2200157 4500
003 Nust
005 20170207165831.0
010 _a 2012950804
020 _a9789400754034 (hard cover : alk. paper)
040 _cNust
245 0 0 _aMultibody dynamics (E-BOOK)
_bcomputational methods and applications /
_c[edited by] Jean-Claude Samin, Paul Fisette.
250 _a1st ed.
260 _aNew York :
_bSpringer,
_c2012.
300 _ap. cm.
490 0 _aComputational methods in applied sciences ;
_v28
942 _2ddc
_cBK
999 _c213280
_d213280